|
|
|
|
| LEADER |
00000nab a2200000 a 4500 |
| 001 |
vtls008963284 |
| 003 |
SK-MaSNL |
| 005 |
20260303070745.0 |
| 008 |
140402c2007 xo mr|p|||||||000 b|slo |
| 015 |
|
|
|a SNBRB2007/04
|2 snkbucl
|
| 038 |
|
|
|a SNKBUCL
|
| 040 |
|
|
|a SNKBUCL
|b slo
|c SNKBUCL
|e AACR2
|
| 041 |
0 |
|
|a slo
|h scc
|
| 044 |
|
|
|a xo
|c SK
|
| 080 |
|
|
|a 821.163.41 (497.16)-31
|2 2001
|
| 100 |
1 |
|
|a Brković, Balša
|d 1966-
|4 aut
|9 1068612
|
| 245 |
1 |
0 |
|a Ruský pach
|c Balša Brković ; preložil Tomáš Čelovský
|
| 650 |
0 |
7 |
|a spoločenské romány, čiernohorské
|x úryvky
|2 snkbucl
|9 1068613
|
| 773 |
0 |
|
|t Romboid+. ARS v Romboide+
|g Roč. XLI/XLII, (2006/2007), s. 28-33
|x 0231-6714
|
| 852 |
|
|
|a SNK
|b KIS3GCP
|
| 958 |
|
|
|a LX
|
| 958 |
|
|
|a YU
|
| 999 |
|
|
|c 1756788
|d 1758718
|